LEADER 01313nam a2200277 i 4500 001 000000142873 003 CaOOAMICUS 005 20220330161426.0 008 050913s1952 fr u000 u fre u 013 $a118229 040 $aSeMil$bita 100 1 $aKant, Immanuel,$d<1724-1804>.$0(OLS)http://semarc/name/2543 245 13$aLa religion dans les limites de la simple raison :$b1793 /$cE. Kant ; traduction par J. Gibelin. 250 $a2. ed. 264 1$aParis :$bLibrairie Philosophique J. Vrin,$c1952. 300 $a267 p. ;$c23 cm. 490 1 $aBibliothèque des textes philosophiques 650 4$aKant, Immanuel <1724-1804> . Die Religion innerhalb der Grenzen der blossen Vernunft.$0(OLS)http://semarc/subject/13322 650 4$aKant, Immanuel <1724-1804> - Pensiero religioso.$0(OLS)http://semarc/subject/353 700 1 $aGibelin, Jean.$0(OLS)http://semarc/name/34599 830 0$aBibliothèque des textes philosophiques.$0(OLS)http://semarc/title/18870 850 $aSeMil 852 $aSeMil$W1$xVenegono$y1$m2R III 240$j96009$B96009$CSeMilBibl$Z2$F102866 $81 996 $6245$aLa religion dans les limites de la simple raison :$b1793$9(OLS)http://semarc/title/209015 996 $6264$aParis :$bLibrairie Philosophique J. Vrin$9(OLS)http://semarc/publisher/30022 LEADER 00975nam a2200193 i 4500 001 000000234495 003 CaOOAMICUS 005 20141015000000.0 008 141015s1791 it u000 u ger u 013 $a213398 040 $aSeMil$bita 245 10$a24. Band. Vom Anfange des Papsttumes Clemens des 11. im Jahre 1700 bis zum Tode desselben im Jahre 1721. 300 $a432, [2] p. 773 0 $aBérault Bercastel, Antoine Henri : de <1722-1794>$tGeschichte der Kirche ... aus dem Französischen des Herrn Abbts de Berault-Bercastel, Domherrn an der Kirche zu Noyon. 1. Band [-24. Band].$dWien : gedruckt bey Mathias Andreas Schmidt, 1784-1791.$g24$w()30708 850 $aSeMil 852 $aSeMil$W1$xVenegono$y1$m3A II 60 FA$j184841$B184841$CSeMilBibl$Z2$F195803 $8I 941 1 $a10 961 $aRecupero: Mantegazza 996 $6245$a24. Band. Vom Anfange des Papsttumes Clemens des 11. im Jahre 1700 bis zum Tode desselben im Jahre 1721$9(OLS)http://semarc/title/334649